Derecho usual / (Record no. 121874)

MARC details
000 -LEADER
campo de control de longitud fija 01307nam a2200301 i 4500
001 - NÚMERO DE CONTROL
campo de control 121874
003 - IDENTIFICADOR DE NÚMERO DE CONTROL
campo de control ES-MaACL
005 - FECHA Y HORA DE LA ÚLTIMA TRANSACCIÓN
campo de control 20250914145933.0
007 - CAMPO FIJO DE DESCRIPCIÓN FÍSICA--INFORMACIÓN GENERAL
campo de control de longitud fija t|
008 - DATOS DE LONGITUD FIJA--INFORMACIÓN GENERAL
campo de control de longitud fija 070214s1925 sp r ||||1| spa d
040 ## - FUENTE DE CATALOGACIÓN
Centro/agencia transcriptor ES-MaACL
245 00 - MENCIÓN DEL TÍTULO
Título Derecho usual /
Mención de responsabilidad, etc. Adolfo Posada, F[elipe] Clemente de Diego, A. Sela, C.[Constancio] Bernaldo de Quirós, P. Sangro
260 ## - PUBLICACIÓN, DISTRIBUCIÓN, ETC.
Lugar de publicación, distribución, etc. Madrid :
Nombre del editor, distribuidor, etc. La Lectura,
Fecha de publicación, distribución, etc. 1925
300 ## - DESCRIPCIÓN FÍSICA
Extensión 567 p. ;
Dimensiones 20 cm.
490 ## - MENCIÓN DE SERIE
Mención de serie Ciencia y educación (La Lectura)
505 ## - NOTA DE CONTENIDO CON FORMATO
Nota de contenido con formato Nociones generales de derecho . Derecho político y administrativo . Política social y legislación del trabajo . Derecho civil . Derecho mercantil . Derecho penal . Derecho internacional . Derecho procesal español
650 #7 - PUNTO DE ACCESO ADICIONAL DE MATERIA--TÉRMINO DE MATERIA
Término de materia o nombre geográfico como elemento de entrada Derecho
Fuente del encabezamiento o término embne
9 (RLIN) 11602
700 1# - ENTRADA AGREGADA--NOMBRE PERSONAL
Nombre de persona Posada, Adolfo,
Fechas asociadas al nombre 1860-1944
Término indicativo de función/relación Autor
9 (RLIN) 93316
700 1# - ENTRADA AGREGADA--NOMBRE PERSONAL
Nombre de persona Diego y Gutiérrez, Felipe Clemente de,
Fechas asociadas al nombre 1866-1945
Término indicativo de función/relación Autor
9 (RLIN) 234641
700 1# - ENTRADA AGREGADA--NOMBRE PERSONAL
Nombre de persona Sela, Aniceto (
Fechas asociadas al nombre 1863-1935)
9 (RLIN) 105285
Término indicativo de función/relación Autor
700 1# - ENTRADA AGREGADA--NOMBRE PERSONAL
Nombre de persona Bernaldo de Quirós, Constancio,
Fechas asociadas al nombre 1873-1959
9 (RLIN) 28215
Término indicativo de función/relación Autor
700 1# - ENTRADA AGREGADA--NOMBRE PERSONAL
Nombre de persona Sangro y Ros de Olano, Pedro,
9 (RLIN) 103144
Títulos y otros términos asociados al nombre Marqués de Guad-el-Jelú
Término indicativo de función/relación Autor
830 #0 - PUNTO DE ACCESO ADICIONAL DE SERIE-TÍTULO UNIFORME
Título uniforme Ciencia y educación (La Lectura)
9 (RLIN) 181469
852 ## - LOCALIZACIÓN
Ubicación ES-MaACL
Número de control de estantería B-6434
942 ## - ELEMENTOS DE ENTRADA SECUNDARIOS (KOHA)
Tipo de ítem Koha Libro impreso
Suprimir en OPAC No
Holdings
Estatus retirado Estado de pérdida Estado de daño No para préstamo Biblioteca de origen Biblioteca actual Ubicación en estantería Fecha de adquisición Fuente de adquisición Total de préstamos Signatura topográfica completa Código de barras Visto por última vez Precio de reemplazo Tipo de ítem Koha
        Biblioteca del Ateneo de Madrid Biblioteca del Ateneo de Madrid Sala Pardo Bazán 17/01/2008     B-6434 1127008 23/02/2023 23/02/2023 Libro impreso